000 00586nam a2200241Ia 4500
003 OSt
005 20220924135058.0
006 a|||||r|||| 00| 0
007 ta
008 220923b |||||||| |||| 00| 0 ben d
024 _a288593
037 _cTextual
040 _aARTS
_cARTS
_bben
041 _2ben
_aben
082 _aY:351.275, 157N0
100 _aRudra S.
_9209747
245 0 _aGanasangeet sangrah
260 _c1990
300 _a455p.
_ccm.
650 _aSOCIOLOGY
942 _hY:351.275, 157N0
_cTEXL
_2CC
999 _c439697
_d439697